Sofía: la lucha por saber de una mujer rusa /

Wedi'i Gadw mewn:
Manylion Llyfryddiaeth
Prif Awdur: Nomdedeu Moreno, Xaro (autor)
Fformat: Llyfr
Iaith:Sbaeneg
Cyhoeddwyd: Madrid, España : Nivola, 2004, c2004
Cyfres:(La Matemática en sus Personajes ; 20)
Pynciau:
Tagiau: Ychwanegu Tag
Dim Tagiau, Byddwch y cyntaf i dagio'r cofnod hwn!

MARC

LEADER 00000nam^a2200000^a^4500
001 000181371
005 20250521000000.0
009 20260310101929.488
020 |a 84-95599-87-2 
037 |a Acervo ITESO - Biblioteca 
041 |a ESP 
082 |a 510. 9  |b MAT V. 20 
100 |a Nomdedeu Moreno, Xaro  |e (autor) 
245 1 0 |a Sofía:  |b la lucha por saber de una mujer rusa /  |c X. Nomdedeu Moreno. 
264 4 |a Madrid, España :  |b Nivola,  |c 2004, c2004 
300 |a 221 p. 
336 |a texto  |b txt  |2 rdacontenido 
337 |a sin mediación  |b n  |2 rdamedio 
338 |a volumen  |b nc  |2 rdasoporte 
440 3 |a (La Matemática en sus Personajes ;  |v 20) 
649 |a XX 
650 |a Matemáticos Rusos -  |x Biografías 
650 |a Mujeres Rusas -  |x Biografías 
650 |a Análisis Matemático -  |x Historia 
650 |a Matemáticas -  |x Historia 
650 |a Kovalevskaia, Sofía 
910 |a Fondo General 
920 |a Impresos - Libros 
930 |a Colección General 
905 |a 101 
901 |a 0500121245  |b IT1  |c ACC  |u 20250521 
902 |a https://opac.biblio.iteso.mx/vufind/Record/000181371